Keeping track of what you spend : (Record no. 4669)
[ view plain ]
| 000 -LEADER | |
|---|---|
| fixed length control field | 00792pam a2200265 a 4500 |
| 001 - CONTROL NUMBER | |
| JCCL Control Number | 4669 |
| 003 - CONTROL NUMBER IDENTIFIER | |
| JCCL marc code | BD-JhCC |
| 005 - DATE AND TIME OF LATEST TRANSACTION | |
| control field | 20171129180817.0 |
| 008 - FIXED-LENGTH DATA ELEMENTS--GENERAL INFORMATION | |
| fixed length control field | 810728s1982 azua b 001 0 eng |
| 020 ## - INTERNATIONAL STANDARD BOOK NUMBER | |
| International Standard Book Number | 0912700793 (pbk.) |
| 035 ## - SYSTEM CONTROL NUMBER | |
| system control number | (BD-JhCC)4669 |
| 040 ## - CATALOGING SOURCE | |
| Original cataloging agency | DLC |
| Transcribing agency | DLC |
| Modifying agency | DLC |
| -- | (BD-JhCC) |
| 041 ## - LANGUAGE CODE | |
| Language code of Book | eng |
| 050 00 - LIBRARY OF CONGRESS CALL NUMBER | |
| Classification number | Z683 |
| Item number | .A44 |
| 082 00 - DEWEY DECIMAL CLASSIFICATION NUMBER | |
| Classification number | 025.1/1 |
| DDC Edition number | 19 |
| Author mark and Year | ALL 1982 |
| 100 1# - MAIN ENTRY--PERSONAL NAME | |
| Personal name | Alley, Brian. |
| 245 10 - TITLE STATEMENT | |
| Title | Keeping track of what you spend : |
| Remainder of title | the librarian's guide to simple bookkeeping / |
| Statement of responsibility, etc | by Brian Alley and Jennifer Cargill. |
| 260 ## - PUBLICATION, DISTRIBUTION, ETC. (IMPRINT) | |
| Place of publication, distribution, etc | Phoenix, AZ : |
| Name of publisher, distributor, etc | Oryx Press, |
| Date of publication, distribution, etc | 1982. |
| 300 ## - PHYSICAL DESCRIPTION | |
| Pagination | xii, 96 p. : |
| Other physical details | ill. ; |
| Dimensions | 28 cm. |
| 500 ## - GENERAL NOTE | |
| General note | Includes index. |
| 504 ## - BIBLIOGRAPHY, ETC. NOTE | |
| Bibliography, etc | Bibliography: p. [89] |
| 650 #0 - SUBJECT ADDED ENTRY--TOPICAL TERM | |
| Topical term or geographic name as entry element | Libraries |
| General subdivision | Accounting. |
| 700 1# - ADDED ENTRY--PERSONAL NAME | |
| Personal name | Cargill, Jennifer S. |
| 942 ## - ADDED ENTRY ELEMENTS (KOHA) | |
| Source of classification or shelving scheme | Dewey Decimal Classification |
| Koha item type | Books |
| Source of classification or shelving scheme | Damaged status | Not for loan | Home library | Current library | Shelving location | Date of accession | Total Checkouts | Full call number | Barcode | Date last seen | Copy number | Koha item type |
|---|---|---|---|---|---|---|---|---|---|---|---|---|
| Dewey Decimal Classification | JCC Rouf Library | JCC Rouf Library | General Stacks | 11/29/2017 | 025.1/1 ALL 1982 | 6513 | 11/29/2017 | C-1 | Books |